000 01027nam0a22002891 4500
001 rc\4991841
005 20130430132512.3
035 _a(NLR Aleph) 008972574
090 _a9134250
_c9134250
100 _a20130430d1962 |||y0rusy50 ca
101 0 _arus
102 _aRU
105 _aa j |||||
200 1 _aИздание карт
_e[Учебник для фак. № 4]
_fВоен.-инж. краснознам. акад. им. В.В. Куйбышева
210 _aМосква
_cВИА
_d1962
215 _a518 с., 5 л. схем
_cил.
_d22
300 _aПеред загл. авт.: А.П. Сафонов, В.В. Петунин, А.Н. Любков
320 _aБиблиогр.: с. 512-515
333 _aПродаже не подлежит
700 1 _aСафонов
_bА. П.
_gАркадий Павлович
701 1 _aПетунин
_bВ. В.
701 1 _aЛюбков
_bА. Н.
801 0 _aRU
_bNLR
_gpsbo
801 1 _aRU
_bELAR
_2rusmarc
852 _aNLR
_j63-5/932
942 _cBOOK
980 _aNB